Départements prénoms - Statistiques

Statistiques générales
  • Ce quiz a été pris 8 fois
  • Le résultat moyen est 10 sur 101
Statistiques - réponses
Hint Réponse % Correct
Alexandre/Vichy Alex03
83%
Anthony/Narbonne Antho11
33%
Albert/Soissons Bébert02
33%
André/Pontoise Dédé95
33%
Elodie/Lyon Elo69
33%
Mickael/Bordeaux Micka33
33%
Olivier/Caen Olive14
33%
Zoé/Versailles Zozo78
33%
Alison/Cayenne Ali973
17%
Angélique/Le Mans Angel72
17%
Beatrice/Poitiers Béa86
17%
Bénédicte/Annecy Béné74
17%
Bérénice/Mulhouse Béré68
17%
Cédric/Les Sables-d'Olonne Cécé85
17%
Charlotte/Strasbourg Chacha67
17%
Clémence/Epinal Clem88
17%
Claude/Bourg en Bresse Cloclo01
17%
Damien/Laval Dam53
17%
Edouard/Blois Ed41
17%
Esméralda/Perpignan Esmé66
17%
Fabien/Limoges Fab87
17%
Philippe/Rodez Fifi12
17%
Florent/Montauban Flo82
17%
Frédéric/Nancy Fred54
17%
Gabriel/Reims Gab51
17%
Grégoire/Cahors Greg46
17%
Gwenaël/Cholet Gwen49
17%
Isabelle/Lorient Isa56
17%
Jean/Auch Jeannot32
17%
Julien/Toulouse Juju31
17%
Léonard/Roanne Léo42
17%
Mallaury/Chambéry Mallau73
17%
Emmanuel/Grasse Manu06
17%
Maxime/Calvi Max2B
17%
Michel/Brive-la-Gaillarde Mimi19
17%
Muriel/Metz Mumu57
17%
Noël/Beaune Nono21
17%
Patrick/Brest Pat29
17%
Pierre/Ajaccio Pierrot2A
17%
Pauline/Clermont-Ferrand Popo63
17%
Raphael/Grenoble Rapha38
17%
Sophie/Carpentras Sosso84
17%
Stanislas/Cognac Stan16
17%
Stéphane/Montbéliard Steph25
17%
Théodore/Valence Théo26
17%
Thierry/La Rochelle Titi17
17%
Valentine/Paris Val75
17%
Vanessa/Toulon Vaness83
17%
Archibald/Dreux Archie28
0%
Aurélie/Dieppe Aurele76
0%
Benjamin/Alès Benji30
0%
Caroline/Vesoul Caro70
0%
Charles/Mende Charlie48
0%
Clotilde/Autun Clo71
0%
Coralie/Niort Coco79
0%
Christian/Chaumont Cricri52
0%
Daniel/Saint-Denis Dan974
0%
Dominique/Fort-de-France Dom972
0%
Franck/Amiens Francky80
0%
Gérard/Montargis Gégé45
0%
Eugène/Privas Gégène07
0%
Gilles/Châteauroux Gilou36
0%
Guy/Béziers Guitou34
0%
Hippolyte/Bergerac Hippo24
0%
Jacques/Le Puy-en-Velay Jacky43
0%
Jennifer/Bayonne Jenn64
0%
Jérémie/Dinan Jerem22
0%
Jessica/Tarbes Jess65
0%
Jocelyne/Sens Joce89
0%
Georges/Cherbourg-en-Cotentin Jojo50
0%
Laetitia/Calais Laeti62
0%
Laurent/Saint-Malo Lolo35
0%
Ludovic/Digne les Bains Ludo04
0%
Lucien/Dax Lulu40
0%
Magali/Mamoudzou Mag976
0%
Marc/Dole Marco39
0%
Marie-Thérèse/Pointe-à-Pitre Marie-thé971
0%
Marjorie/Douai Marjo59
0%
Mélanie/Alençon Mel61
0%
Emile/Marmande Mimile47
0%
Maurice/Briançon Momo05
0%
Bernard/Tours Nanard37
0%
Nathalie/Créteil Nath94
0%
Nicolas/Istres Nico13
0%
Virginie/Évry-Courcouronnes Ninie91
0%
Pamela/Bobigny Pam93
0%
Henri/Saint-Nazaire Riton44
0%
Romuald/Aurillac Romu15
0%
Samuel/Evreux Sam27
0%
Sébastien/Bourges Seb18
0%
Ségolène/Beauvais Ségo60
0%
Sidonie/Meaux Sido77
0%
Timothée/Foix Tim09
0%
Thomas/Troyes Tom10
0%
Christophe/Belfort Totophe90
0%
Véronique/Nevers Véro58
0%
Victoire/Bar-le-Duc Vic55
0%
Vincent/Sedan Vince08
0%
Viviane/Antony Vivi92
0%
William/Guéret Willy23
0%
Yolande/Castres Yoyo81
0%
Aucun quiz correspondant
Distribution des résultats
% des personnes avec chaque résultat
Percentile par nombre de réponses
Votre historique - résultats
Vous n’avez pas pris ce quiz